Biggest sources of immigrants to Oklahoma - Statistics

General Stats
  • This quiz has been taken 21 times
  • The average score is 9 of 10
Answer Stats
Hint Answer % Correct
105,577 Mexico
100%
9,057 India
93%
3,256 Canada
87%
9,286 China
87%
3,587 El Salvador
87%
5,162 Germany
87%
3,905 Korea
87%
3,992 United Kingdom
87%
5,365 Philippines
80%
13,276 Vietnam
80%
No matching quizzes found
Score Distribution
Percent of People with Each Score
Percentile by Number Answered
Your Score History
You have not taken this quiz